000
00232nam a22000977a 4500
082
_a
620.1 TIM
245
_a
Engineering mechanics
_c
Timoshenko, Stephen
260
_a
New York
_b
McGraw-Hill
_c
1956
590
_a
.....
942
_2
ddc
_c
BK
999
_c
617044
_d
617044